The entrepreneur : An economic theory
Na minha lista:
| Autor principal: | |
|---|---|
| Formato: | Livro |
| Idioma: | Undetermined |
| Publicado em: |
Oxford
Martin Robertson
1982
|
| Assuntos: | |
| Tags: |
Adicionar Tag
Sem tags, seja o primeiro a adicionar uma tag!
|
| Thư viện lưu trữ: | Trung tâm Học liệu Trường Đại học Cần Thơ |
|---|
| LEADER | 00583nam a2200217Ia 4500 | ||
|---|---|---|---|
| 001 | CTU_86633 | ||
| 008 | 210402s9999 xx 000 0 und d | ||
| 082 | |a 338.04 | ||
| 082 | |b C343 | ||
| 100 | |a Casson, Mark | ||
| 245 | 4 | |a The entrepreneur : | |
| 245 | 3 | |b An economic theory | |
| 245 | 0 | |c Mark Casson | |
| 260 | |a Oxford | ||
| 260 | |b Martin Robertson | ||
| 260 | |c 1982 | ||
| 526 | |a Kinh tế vi mô nâng cao,Kinh tế vi mô nâng cao | ||
| 526 | |b KT903 | ||
| 650 | |a Entrepreneur | ||
| 904 | |i Năm | ||
| 980 | |a Trung tâm Học liệu Trường Đại học Cần Thơ | ||